|
|
|
|
| LEADER |
00000nab a2200000 a 4500 |
| 001 |
vtls001016366 |
| 003 |
SK-MaSNL |
| 005 |
20260303042839.0 |
| 008 |
040720e20000824xo 0 slo |
| 035 |
|
|
|a SN2316
|
| 040 |
|
|
|a SNSK
|b slo
|c SNSK
|e AACR2
|
| 041 |
0 |
|
|a slo
|
| 044 |
|
|
|a xo
|c SK
|
| 080 |
|
|
|a 628.39
|2 1981
|
| 080 |
|
|
|a 628.472
|2 1981
|
| 100 |
0 |
|
|a (top)
|4 aut
|9 887920
|
| 245 |
1 |
0 |
|a Pri Hornáde rastie najväčšie smetisko v spišskom regióne
|
| 650 |
0 |
7 |
|a skládky odpadu
|2 SNSK
|9 16790
|
| 650 |
0 |
7 |
|a informácie
|2 SNSK
|9 1285
|
| 651 |
|
7 |
|a Kúdelník II. (Spišská Nová Ves, Slovensko)
|2 SNSK
|9 1021874
|
| 651 |
|
7 |
|a Spišská Nová Ves (Slovensko)
|2 SNSK
|9 28800
|
| 651 |
|
7 |
|a SN,
|2 SNSK
|9 1021277
|
| 655 |
|
7 |
|a periodikum
|2 snkbucl
|9 29553
|
| 773 |
0 |
8 |
|t Spišský denník
|g Roč. 2, č.196, 24.8.2000, s. 1
|x 1335-759X
|
| 852 |
|
|
|a ZVYKNI
|b KIS3GCP
|
| 999 |
|
|
|c 1694099
|d 1696029
|